Violencias “por odio” contra el colectivo lgbti+ en el contexto mundial

Detalles Bibliográficos
Autor principal: Peribę̀z Blasco, Elena
Formato: eBook
Lenguaje:español
Publicado: Madrid: Dykinson, 2019
Materias:
Acceso en línea:Acceso restringido

MARC

LEADER 00000nam a22000007a 4500
005 20201116233033.0
007 cr|||| ||||
008 201116s2019 es |||||s|||| 00||0 spa d
020 |a 978-84-1324-780-9 
035 |a 32131 
040 |a vLex 
090 |c 10865  |d 10865 
100 1 |a Peribę̀z Blasco, Elena 
245 1 0 |a Violencias “por odio” contra el colectivo lgbti+ en el contexto mundial  |h [Recurso electrn̤ico] /  |c Elena Peribę̀z Blasco 
256 |a Servicio en ln̕ea 
260 |a Madrid:  |b Dykinson,  |c 2019 
300 |a 1 recurso electrn̤ico 
506 1 |a Disponible solo en los productos indicados  |d vLex Global  |d vLex Global (Academic Edition, excluding Law Schools)  |d vLex Global (U.S. Academic Edition, Law Schools)  |d vLex Global (U.S. Academic Edition, excluding Law Schools)  |d vLex Global (Academic Edition, Law Schools) 
650 0 4 |a Derecho Constitucional  |z Espaą 
740 0 |a vLex Libros (Servicio en ln̕ea) 
856 4 0 |u http://vlex.com/source/violencias-por-odio-contra-colectivo-lgbti-contexto-mundial-32131  |z Acceso restringido 
942 |c BOOK 
999 0 |a Constitutional right